| 000 | 00547nam a22001577a 4500 | ||
|---|---|---|---|
| 008 | 160531b xxu||||| |||| 00| 0 eng d | ||
| 020 | _a9327211252 | ||
| 040 |
_aKABU _cKABU |
||
| 050 |
_aHJ1334 _b.L45 1988 c. 1 |
||
| 100 | _aLekhi, R.K. | ||
| 245 |
_aPublic finance _b[for post graduate, honours and other competitive courses of all Indian Universities] _cR.K. Lekhi |
||
| 260 |
_aNew Delhi _bKalyani publishers _c1988 |
||
| 300 | _a351 p. | ||
| 650 |
_aPublic finance _zIndia |
||
| 942 |
_2lcc _cBK _hHJ1334 .L45 1988 c. 1 |
||
| 999 |
_c15973 _d15973 |
||